| 000 | 00858nam a2200217 a 4500 | ||
|---|---|---|---|
| 001 | 001127785 | ||
| 003 | AM-YeHGA | ||
| 005 | 20250617152012.0 | ||
| 008 | 160208s1909 |||b r 000 0 rus d | ||
| 040 | _aAM-YeHGA | ||
| 041 | 0 | _arus | |
| 245 | 0 | 0 |
_aГрим : _bС 200 рисунками в тексте / _cСост. П.А. Лебединский, В.П. Лачинов. |
| 260 |
_aБ. м. : _bИзд-ие журнала "Театр и Искусство", _c1909. |
||
| 300 | _a304 с. | ||
| 440 | 0 | _aЭнциклопедия сценического самообразования | |
| 650 | 1 | 4 | _aСценическое искусство |
| 650 | 1 | 4 | _aПрикладное искусство- гримировка |
| 700 | 1 |
_aЛебединский, П.А. _eсост. _4com |
|
| 700 | 1 |
_aЛачинов, В.П _aсост. _4com |
|
| 090 | _c364130 | ||
| 999 |
_c362282 _d362282 |
||